000 00422 a2200109 4500
001 ART_41456
005 20260410162001.0
008 260409a
245 1 0 _aEl traspaso de la justicia nacional a la justicia de la ciudad autónoma de Buenos Aires a veinte años de la Constitución de la Ciudad
100 1 _aBasterra, Marcela I.
773 0 _tPensar en derecho
_g- Año 5, Nº 8 (ago. 2016)
_wREV28996
999 _c31299
_d31299